MDQL
is popping MORE tags! Check the
thread
!
Quizzes
Events
Quiz Creation
Community
Videos
Private Events
Remove Ads
Sign In
Join for FREE
Feedback
Dark Mode
Quiz Categories
Sports
Geography
Music
Movies
Television
Just For Fun
Miscellaneous
History
Literature
Language
Science
Gaming
Entertainment
Religion
Holiday
For Kids
Quiz Lab
Recent
Popular Today
Quiz Kudos Today
Editor Picks
Curator Picks
Quizzes by...
Day
Popularity
Type
Ratings
Length
Year
Community
Subscriptions
Recent Discussions
Orange Saloon
Badges
Playlists
Quests
Create
Leaderboards
Showdown
Live 5
Trivia Bingo
Activity
Puzzle Library
Sporcle Events
Private Events
Virtual Trivia
Globe League
Become a Host
Pub Owners
SporcleCon
Opinionation
Our Games
Videos
Blog
Mobile Apps
Partnerships
Remove Ads and Go Orange
Feedback
Sports
Athletes
MLB
NBA
NHL
NFL
Soccer
Sports Teams
WWE
NCAA
Football
Premier League
Basketball
Baseball
Hockey
Golf
Tennis
Cricket
Rugby
Auto Racing
Olympics
World Cup
Sports
Athletes
MLB
NBA
NHL
NFL
Soccer
Sports Teams
WWE
NCAA
Football
Premier League
Basketball
Baseball
Hockey
Golf
Tennis
Cricket
Rugby
Auto Racing
Olympics
World Cup
Random Quiz
Search Sporcle
×
Quiz Lab
Quiz Lab
Sports
Soccer
Type in answers that appear in a list
Type in answers that appear in a list
Classic
Best Score? Go Orange.
UEFA Champions League 2016-17 Teams Stats
Can you name the football clubs of the 2016/17 UCL group stage?
By
Woolfy23
6m
32 Questions
3,267 Plays
3,267 Plays
3,267 Plays
Comments
Comments
Give Quiz Kudos
Give Quiz Kudos
-
- Ratings
hide this ad
Replay
Link that replays current quiz
Next Quiz
Link to next quiz in quiz playlist
You Got
0%
They Got
Avg Score
82%
Avg Friend Score
Upgrade to see
Score Distribution
Jump to the score distribution portion of the page
Score
0/32
Timer
06:00
0
Plays Today
Group
Club
% Correct
Group C
Manchester City
96.4%
Group F
Real Madrid
96.3%
Group C
Barcelona
96.2%
Group A
Paris Saint-Germain
95.8%
Group A
Arsenal
95.7%
Group D
Bayern München
95.1%
Group H
Juventus
94.8%
Group F
Borussia Dortmund
94%
Group G
Porto
92.4%
Group E
Tottenham Hotspur
90.6%
Group B
Benfica
90.5%
Group D
Atlético de Madrid
90.2%
Group C
Celtic
88.5%
Group G
Leicester City
87.6%
Group F
Sporting
86.5%
Group B
Napoli
86.2%
Group
Club
% Correct
Group H
Olympique Lyonnais
85.6%
Group D
PSV
85.2%
Group E
Monaco
84.7%
Group H
Sevilla
84.5%
Group E
CSKA Moscow
82.3%
Group A
Basel
81.4%
Group B
Beşiktaş
76.2%
Group E
Bayer 04 Leverkusen
73.9%
Group G
København
71.8%
Group G
Club Brugge
71%
Group B
Dynamo Kyiv
70.6%
Group H
Dinamo Zagreb
68.6%
Group F
Legia Warszawa
65%
Group C
Borussia Mönchengladbach
60.4%
Group A
Ludogorets Razgrad
54.1%
Group D
Rostov
39.9%
Quiz Playlist
Details
Report
Send in Message
Add To Playlist
Classic:
Type in answers that appear in a list
Last Updated: Aug 9, 2018
Quiz Scoreboard
CHALLENGE
Sign Up to Join the Scoreboard
Show All
Scores
Hide
Comments
May contain spoilers
Recently Published
Find the 'City' Movie
by crazypaving
Movies
60s
5x2 Blitz: Bands
by SL_Kpop136
Music
30s
Colored Red Africa Blitz
by spor1
Geography
30s
More to Explore
Quiz From the Vault
Featured Blog Post
14 Easter Pick-up Lines to Find Eggs With
hide this ad
You Might Also Like...
Tags
Football Quiz
Soccer Quiz
champion
club
group
League
stage
team
ucl
UEFA
Today's Top Quizzes in Sports
Browse Sports
hide this ad
Today's Top Quizzes in Soccer
Browse Soccer
Top Contributed Quizzes in Sports
1
Players with Multiple 50 Home Run Seasons
2
Les entraîneurs de l'OM et du PSG au 21e siècle
3
Criteria MLB: Left Handed Sluggers
4
2022 World Cup Stars
5
Les meilleurs buteurs des matchs entre le PSG et l’OM
6
Who Hit More Homers?
7
Les joueurs passés par le PSG et l'OM
8
NBA Logic Puzzle 2.0
9
Top 10 NHL Goal Scorers of All Time
10
MLB Players with Two .350 Batting Average Seasons
Explore More
Trending Topics
Disney
NBA
Crossword
Anime
Marvel
Harry Potter
Kpop
The Office
Song
WWE
Country
Puzzle
NFL
Soccer
Pokémon
hide this ad
More By:
Woolfy23
Quiz
Plays
Rating
Category
Featured
Created
UEFA Champions League Finalists
75,551
4.68
Sports
May 19, 2016
FIFA Confederations Cup Participants
32,679
4.82
Sports
Jun 19, 2017
Naruto Rivalries
16,312
4.25
Television
Apr 17, 2019
Naruto Akatsuki Deaths in Order
15,856
2.40
Television
Nov 25, 2019
Italian Serie A Clubs All Time
14,424
4.81
Sports
Jan 20, 2017
Go to Creator's Profile
Score Distribution
Quiz Creator Spotlight
Woolfy23
Follow
Send a Message
Quizzes Created
-
Created Quiz Play Count
-
More By This Creator
Popular Quizzes Today
1
Colored Red Africa Blitz
2
Find the US States - No Outlines Minefield
3
Find the 'City' Movie
4
5x2 Blitz: Bands
5
The Countries of the World
6
Find the US States
7
US States
8
9x9 Crossword: Cartoon Network
More Sports Quizzes
21st Century FIFA World Cup Countries
Published
Trending Quizzes
Colored Red Europe Blitz I
Colored Red Europe Blitz II
Colored Red Africa Blitz II
Colored Red Europe Blitz III
Colored Red Africa Blitz III
Recently Updated
Godzilla Movies
pecheneg
Grab Bag: 4-10 Letters
pecheneg
2024 March Madness Bracket
pecheneg
Famous TV Couples
Peacemaker
Champions League XIs: Real Madrid
pecheneg
Largest US Cities 1790-2010
pecheneg
Rides in Walt Disney World
pecheneg
Most Oscar Losses (Acting)
pecheneg
Beyoncé Albums
pecheneg
Leaping Animals
pecheneg
Trending Topics
NBA
Kpop
Marvel
Crossword
Harry Potter
Anime
Disney
The Office
Song
Puzzle
Pokémon
WWE
Country
Soccer
NFL
Your Account Isn't Verified!
In order to create a playlist on Sporcle, you need to verify the email address you used during registration. Go to your
Sporcle Settings
to finish the process.
Report this User
Report this user for behavior that violates our
Community Guidelines
.
Details:
Send Report
Go to the Sporcle.com Mobile Site →
Comments